000
00329nam a2200133Ia 4500
008
240624s9999 xx 000 0 und d
041
_a
eng
082
_a
823 RIO
100
_a
RIORDAN RICK
245
_a
HEROES OF OLYMPUS THE HOUSE OF HADES
260
_c
2013
_a
New Delhi
_b
Penguin Books
300
_a
565 : p.
365
_c
RS
_b
25
999
_c
22156
_d
22156